000 00269nam a22001337a 4500
008 190129b xxu||||| |||| 00| 0 eng d
020 _a069108
041 _aeng
080 _a531
100 _a43
101 _aFIZ
245 _aPhysics
_cSchaim, H
942 _2udc
_cBK
999 _c53876
_d53876